| 000 | 00515nam a2200181Ia 4500 | ||
|---|---|---|---|
| 005 | 20250603144659.0 | ||
| 008 | 250603s9999 xx 000 0 und d | ||
| 020 | _a978978762446 | ||
| 050 | _aJV 9022 .D36/ | ||
| 100 | _aEdited by Danjuma Gambo and Herbert Batta. | ||
| 245 | 0 | _aCommunication, migration, and social inclusion in Nigeria | |
| 260 | _aNigeria | ||
| 260 | _bAfrican Council for Communication Education (ACCE), 2019. | ||
| 260 | _c2019 | ||
| 300 | _a408 p | ||
| 650 | _aNigeria | ||
| 942 | _cBK | ||
| 999 |
_c39633 _d39633 |
||